Родословная врача глазных болезней Е. В. Горбовского-Заранека

Доступно только в Электронных читальных залах Найти на картеНа карте
RUSMARC
00003559nac2a22002533x 450
00173872617-102b-4202-b532-3df9485f0e39
00520230621002854.0
100##$a20230602l1857 k y0rusy50 ca
1010#$arus
102##$aRU
105##$ay z |||||
1222#$ad18571231
$ad19141231
2001#$aРодословная врача глазных болезней Е. В. Горбовского-Заранека
$j[19--]
215##$a2 листа
$d35,2 х 23,8
251##$cДело
300##$aРукописный текст
300##$aНа папке дела: б/д
461#0$1001RuPRLIB520125285
$12001
$aСвятополк-Мирский Петр Дмитриевич, князь, министр внутренних дел (август 1904 г. - январь 1905 г.)
$1251
$cФонд
$1852
$j1729
462#0$1001RuPRLIB520125286
$12001
$aДела постоянного хранения. 1857-1914 гг.
$vД. 255
$1251
$cОпись
$1852
$j1
600#1$aСвятополк-Мирский
$bП. Д.
$cкнязь
$gПетр Дмитриевич
600#1$aГорбовский-Заранек
$bЕ. В.
801#0$aRU
$bGA_RF
801#1$aRU
$bГлавНИВЦ
$c20230602
$2rusmarc
801#2$aRU
$bПБ им. Б.Н. Ельцина
$c20230621
$gRCR
$2rusmarc
852##$aГА РФ
$j255
937##$d185524236
$hГАРФ
035##$aRuPRLIB51070887
856##$uhttp://readingroom.main.prlib.ru/item.aspx?id_node=n185524236&mode=full
Формат отображения